|
|
|
|
| LEADER |
00000nam a22000007a 4500 |
| 005 |
20200721005917.0 |
| 007 |
cr|||| |||| |
| 008 |
200721s2019 co |||||s|||| 00||0 spa d |
| 020 |
|
|
|a 978-958-749-999-5
|
| 035 |
|
|
|a 31840
|
| 040 |
|
|
|a vLex
|
| 090 |
|
|
|c 10663
|d 10663
|
| 100 |
1 |
|
|a Posada Maya, Ricardo
|
| 245 |
1 |
0 |
|a Estudios crt̕icos de jurisprudencia de la Corte Suprema de Justicia
|h [Recurso electrn̤ico] /
|c Ricardo Posada Maya, Mara̕ Camila Correa Flr̤ez, Fernando Vels̀quez Vels̀quez
|
| 256 |
|
|
|a Servicio en ln̕ea
|
| 260 |
|
|
|a Bogot:̀
|b Universidad de Los Andes (Colombia),
|c 2019
|
| 300 |
|
|
|a 1 recurso electrn̤ico
|
| 506 |
1 |
|
|a Disponible solo en los productos indicados
|d vLex Global
|d vLex Global (Academic Edition, excluding Law Schools)
|d vLex Global (U.S. Academic Edition, Law Schools)
|d vLex Global (U.S. Academic Edition, excluding Law Schools)
|d vLex Global (Academic Edition, Law Schools)
|
| 650 |
0 |
4 |
|a Derecho Constitucional
|z Colombia
|
| 700 |
1 |
|
|a Correa Flr̤ez, Mara̕ Camila
|
| 700 |
1 |
|
|a Vels̀quez Vels̀quez, Fernando
|
| 740 |
0 |
|
|a vLex Libros (Servicio en ln̕ea)
|
| 856 |
4 |
0 |
|u http://vlex.com/source/estudios-criticos-jurisprudencia-corte-suprema-justicia-31840
|z Acceso restringido
|
| 942 |
|
|
|c BOOK
|
| 999 |
0 |
|
|a Constitutional right
|